LEADER 01885nam 2200361Ia 450 001 996393201803316 005 20210104163641.0 035 $a(CKB)3360000000358487 035 $a(EEBO)2240868858 035 $a(OCoLC)ocn123914485e 035 $a(OCoLC)123914485 035 $a(EXLCZ)993360000000358487 100 $a20070502d1642 uy 0 101 0 $aeng 135 $aurbn||||a|bb| 200 02$aA letter directed to Master Bridgeman, the fourth of January, and a letter inclosed in it, to one Master Anderton, were this day read and ordered to be entred$b[electronic resource] $eTo the worshipfull, and my much honoured friend, Orlando Bridgeman Esquier, and a burgesse of the Parliament, at his chamber, at the Inner-Temple, these present 210 $a[London $cPrinted for Joseph Hunscott$d1642] 215 $a1 sheet ([1] p.) 300 $aAdvising Bridgeman to absent himself from Parliament, and to convey a letter to Mr. Anderton from R.E. Speaks of the impeachment of the five members and threatens the solicitor, Fynes, and Earl of Essex, Warwick, Say, Brook, and Paget in the Lords, and is written as from a Roman Catholic. 300 $aImperfect: cropped with loss of imprint; imprint suggested by Wing. 300 $aReproduction of original in the British Library. 330 $aeebo-0018 606 $aCatholics$zEngland$vEarly works to 1800 607 $aGreat Britain$xPolitics and government$y1625-1649$vEarly works to 1800 607 $aGreat Britain$xHistory$yCharles I, 1625-1649$vEarly works to 1800 615 0$aCatholics 701 $aR. E$01004668 801 0$bUMI 801 1$bUMI 906 $aBOOK 912 $a996393201803316 996 $aA letter directed to Master Bridgeman, the fourth of January, and a letter inclosed in it, to one Master Anderton, were this day read, and ordered to be entred$92354380 997 $aUNISA LEADER 01284nam 2200373 a 450 001 9910701971403321 005 20120711081450.0 035 $a(CKB)5470000002422402 035 $a(OCoLC)798807628 035 $a(EXLCZ)995470000002422402 100 $a20120711d2012 ua 0 101 0 $aeng 135 $aurmn||||||||| 181 $ctxt$2rdacontent 182 $cc$2rdamedia 183 $acr$2rdacarrier 200 10$aBorder security$b[electronic resource] $eopportunities exist to ensure more effective use of DHS's air and marine assets : report to congressional requesters 210 1$a[Washington, D.C.] :$cU.S. Govt. Accountability Office,$d[2012] 215 $a1 online resource (iii, 87 pages) $ccolor illustrations, color maps 300 $aTitle from PDF title screen (viewed July 10, 2012). 300 $a"March 2012." 300 $a"GAO-12-518." 320 $aIncludes bibliographical references. 517 $aBorder security 606 $aNational security$zUnited States$xEvaluation 606 $aBorder patrols$zUnited States 615 0$aNational security$xEvaluation. 615 0$aBorder patrols 801 0$bGPO 801 1$bGPO 906 $aBOOK 912 $a9910701971403321 996 $aBorder security$93423087 997 $aUNINA